Applied Physics/ (Record no. 186242)

MARC details
000 -LEADER
fixed length control field 00646nam a22002177a 4500
005 - DATE AND TIME OF LATEST TRANSACTION
control field 20220218143612.0
010 ## - LCCN (DPL NO)
LC control number ENG-131678
020 ## - INTERNATIONAL STANDARD BOOK NUMBER
International Standard Book Number 9788194878124
Terms of availability 397.00
035 ## - SYSTEM CONTROL NUMBER
System control number EN-115210
037 ## - SOURCE OF ACQUISITION
Source of stock number/acquisition DBAD
082 ## - DEWEY DECIMAL CLASSIFICATION NUMBER
Classification number 530
100 ## - MAIN ENTRY--PERSONAL NAME
Personal name Anjaneyulu, T.
245 ## - TITLE STATEMENT
Title Applied Physics/
Statement of responsibility, etc T. Anjaneyulu et.al.
260 ## - PUBLICATION, DISTRIBUTION, ETC. (IMPRINT)
Place of publication, distribution, etc Hyderabad
Name of publisher, distributor, etc Spectrum Educational Books
Date of publication, distribution, etc 2021
270 ## - ADDRESS
Address # 326/C, Level-2, Surneni Nilayam Near B K Guda Park, S R Nagar
City Hyderabad
Postal code 500038
300 ## - PHYSICAL DESCRIPTION
Extent xvi, 432p.
Dimensions 24cm(pbk)
700 ## - ADDED ENTRY--PERSONAL NAME
Personal name Neeraja, K.
700 ## - ADDED ENTRY--PERSONAL NAME
Personal name Giridhar, N.
700 ## - ADDED ENTRY--PERSONAL NAME
Personal name Babu, K. Ephraim
942 ## - ADDED ENTRY ELEMENTS (KOHA)
Source of classification or shelving scheme Dewey Decimal Classification
Item type English Books
Classification part 530
Call number suffix ANJ
Holdings
Withdrawn status Lost status Not for loan Collection code Home library Current library Date acquired Source of acquisition Cost, normal purchase price Full call number Barcode Copy number Cost, replacement price Koha item type
      Non-fiction Bawana Bawana 18/02/2022 DBAD/PUB 397.00 530 ANJ EN-115210 1 397.00 English Books

© Delhi Public Library
Hit Counter
free hit counter